000 03053cam a2200313 4500500
005 20260222003144.0
041 _afre
042 _adc
100 1 0 _aChena, Salim
_eauthor
245 0 0 _a« Ats ruhem », le mouvement démocratique en Petite Kabylie entre appropriation locale et affirmation nationale
260 _c2021.
500 _a90
520 _aÀ partir d’observations des marches dans la ville de Bejaïa, à l’été 2019 et au début 2020, et d’entretiens avec des citoyen.ne.s, militant.e.s et universitaires, cet article entend illustrer l’interaction entre le local et le national dans le mouvement démocratique et citoyen entamé en février 2019. Démarré par la marche de Kherrata du 16 février, le hirak algérien exprime des revendications démocratiques et pluralistes qui trouvent une résonance particulière en Kabylie – région traditionnellement vue comme contestataire. Ce travail met en œuvre une ethnographie des manifestations, associée à une étude de la mobilisation et de la perception de la mobilisation dans la wilaya de Bejaïa, pour faire ressortir les continuités historiques des discours et des pratiques, et montrer en quoi les dynamiques propres à la basse Kabylie s’intègrent dans la dimension nationale du mouvement, et inversement. Cela permet de démontrer que le hirak de 2019 constitue une refondation de la nation comme corps et acteur politique, et offre un pacte sociopolitique alternatif à celui qui a dominé depuis l’indépendance.
520 _aFrom observations of marches in Bejaïa, made in the summer 2019 and early 2020, coupled with interviews with citizens, militants and academics, this article seeks to illustrate the interaction between the local and the national in the democratic uprising that started in February 2019. Initiated by a massive demonstration in Kherrata on February, 16th, the Algerian hirak expresses democratic and pluralist demands that find a particular meaning in Kabylia – a region deemed to be more prone to contestation. This work uses an ethnography of the demonstrations, a study of the mobilisation and the perception of the mobilisation in the Bejaïa wilaya, in order to highlight the historical continuities of discourses and practices, and to show how local dynamics are intertwined with national ones, and vice versa. This helps demonstrate how the 2019 hirak constitutes a rebirth of the nation as a political body and actor, and proposes an alternative sociopolitical pact that constrasts from the one inherited from the independence.
690 _aBejaïa
690 _aHirak
690 _aKabylie
690 _amobilisation
690 _anation
690 _auniversité
690 _aBejaïa
690 _aHirak
690 _aKabylia
690 _amobilisation
690 _anation
690 _auniversity
786 0 _nMaghreb - Machrek | 245 | 3 | 2021-03-10 | p. 75-91 | 1762-3162
856 4 1 _uhttps://shs.cairn.info/revue-maghreb-machrek-2020-3-page-75?lang=fr&redirect-ssocas=7080
999 _c1667113
_d1667113